Stadien der WM 2006 - Sudden Death - Statistiken

Allgemein
  • Dieses Quiz wurde 1.486 mal gespielt
  • Das Durchschnittsergebnis liegt bei 5 aus 12
Answers on the Grid
Answers color-coded by a green-red scale on the quiz's grid according to % correct below.
Olympiastadion Berlin
Olympiastadion München
Allianz Arena
Westfalenstadion
Volksparkstadion
Waldstadion
ArenaAufSchalke
Niedersachsenstadion
Fritz-Walter-Stadion
Müngersdorfer Stadion
Zentralstadion
Frankenstadion
Gottlieb-Daimler-Stadion
Borussia-Park
LTU-Arena
Weserstadion
Wildparkstadion
Tivoli
Ruhrstadion
Schwarzwaldstadion
Millerntor
Stadion am Bruchweg
Wedaustadion
Rudolf-Harbig-Stadion
Ostseestadion
 
Antwortstatistiken
Antwort % Korrekt
Allianz Arena
64%
Olympiastadion Berlin
64%
ArenaAufSchalke
54%
Westfalenstadion
50%
Volksparkstadion
49%
Fritz-Walter-Stadion
38%
Gottlieb-Daimler-Stadion
33%
Waldstadion
31%
Müngersdorfer Stadion
28%
Niedersachsenstadion
26%
Zentralstadion
26%
Frankenstadion
21%
Keine übereinstimmenden Quizze gefunden
Verteilung der Resultate
Anzahl Personen mit jedem Resultat
Perzentil nach korrekt beantworteten Fragen
Ihre Resultats-Entwicklung
Sie haben dieses Quiz noch nicht gespielt